<?xml version="1.0" encoding="UTF-8"?>
<marc:record xmlns:marc="http://www.loc.gov/MARC21/slim">
   <marc:leader>00000nam a2200000 a 4500</marc:leader>
   <marc:datafield ind1=" " ind2=" " tag="653">
      <marc:subfield code="a">Basteln</marc:subfield>
   </marc:datafield>
   <marc:datafield ind1=" " ind2=" " tag="653">
      <marc:subfield code="a">Geschenkidee</marc:subfield>
   </marc:datafield>
   <marc:datafield ind1="0" ind2="0" tag="245">
      <marc:subfield code="a">Schnelle Geschenke liebevoll selbstgemacht</marc:subfield>
   </marc:datafield>
   <marc:datafield ind1=" " ind2="1" tag="264">
      <marc:subfield code="b">Buchgemeinschaft Donauland</marc:subfield>
      <marc:subfield code="c">2005</marc:subfield>
   </marc:datafield>
   <marc:datafield ind1="1" ind2=" " tag="520">
      <marc:subfield code="a">Was bringt man zur Party mit? Wie erfreut man den Gartenfreund oder Hobbykoch? Die Zeit ist knapp, die Vorlieben des Gastgebers wenig bekannt oder das gekaufte Geschenk wirkt zu unpersönlich? Hier finden Sie tolle Geschenk- und Gestaltungsideen für viele Anlässe und Jahreszeiten mit Materialien, die in jedem Haushalt vorhanden sind. Schritt-für Schritt-Anleitungen und Kreativbögen helfen bei der Umsetzung.</marc:subfield>
   </marc:datafield>
</marc:record>
